000 00503pab a2200169 454500
008 180718b1996 xxu||||| |||| 00| 0 eng d
100 _aRadhakarishna, R.
245 _aFood trends, public distribution system and food security concerns
260 _c1996
300 _ap.168-83
362 _aJan-Jun
650 _aFood supply - India
650 _aPublic distribution system - India
650 _aPublic distribution system
773 _aIndian Journal of Agricultural Economics
909 _a32041
999 _c32041
_d32041